000 00968nam a2200265 i 4500
001 124362
003 ES-MaACL
005 20250815140446.0
007 t|
008 370322q1930 sp f |||| |dspa d
080 _a75.036.1
100 1 _aLázár, Béla.
_970777
245 1 4 _aLos pintores impresionistas /
_cpor Béla Lázár ; traducido de la segunda edición alemana por Manuel Sánchez Sarto.
260 _aBarcelona :
_bLabor,
_c1930.
300 _a122 p., [30] h. de lám., XII p. de lám. ;
_c17 cm.
490 1 _aColección Labor. Sección IV. Artes plásticas ;
_v14
650 7 _aImpresionismo (Arte)
_2embne
_9136699
650 4 _aImpresionismo (Arte)-
_zFrancia.
_9165160
650 4 _aPintura-
_yS.XIX.
_9159872
650 4 _aPintura francesa-
_yS.XIX.
_9156487
700 1 _aSánchez Sarto, Manuel.
_9102931
830 1 0 _aColección Labor.
_pArtes plásticas
_v14
_9222913
852 _aES-MaACL
_jE-2564
999 _c124362
_d124362